The third Chimpanzee. The evolution and future of the human animal
Gorde:
| Egile nagusia: | |
|---|---|
| Formatua: | Liburua |
| Hizkuntza: | ingelesa |
| Argitaratua: |
New York, USA;
Harper Perennial,
1993
|
| Edizioa: | First Harper Perennial edition |
| Gaiak: | |
| Etiketak: |
Etiketa erantsi
Etiketarik gabe, Izan zaitez lehena erregistro honi etiketa jartzen!
|
MARC
| LEADER | 00000nam a22000007a 4500 | ||
|---|---|---|---|
| 003 | CL-VaPUC | ||
| 005 | 20250108094721.0 | ||
| 008 | 220606b1993 ||||| |||| 00| 0 eng d | ||
| 999 | |c 435801 |d 435799 | ||
| 020 | |a 978-0-06-084550-6 | ||
| 040 | |c Pontificia Universidad Católica de Valparaíso | ||
| 082 | |a 573.2 DIA 1993 | ||
| 100 | |a Diamond, Jared |9 358193 |e author | ||
| 245 | |a The third Chimpanzee. |b The evolution and future of the human animal | ||
| 250 | |a First Harper Perennial edition | ||
| 260 | |a New York, USA; |b Harper Perennial, |c 1993 | ||
| 300 | |a 407 páginas | ||
| 500 | |a c.1 Donación Biblioteca Curauma. 13/05/2022 | ||
| 583 | |c 20220606 |k Catalogador Asistente | ||
| 650 | 0 | |a Evolución humana |9 266935 | |
| 650 | |a Naturaleza |x Efecto de los seres humanos |9 870540 | ||
| 650 | 0 | |a Antropología |9 233030 | |
| 942 | |2 ddc |c BK | ||
| 952 | |0 0 |1 0 |2 ddc |4 0 |6 573_200000000000000_DIA_1993 |7 0 |8 A |9 583418 |a BIBCUR |b BIBCUR |c GEN |d 2022-06-06 |e Donación |i 5651548 |o 573.2 DIA 1993 |p 5651548 |r 2025-04-22 |t 1 |w 2022-06-06 |y BK |k BIO | ||